00825cam a22002173a 450000100060000000300060000600500170001200800410002904000150007004200070008505000070009210000340009924500730013326000290020650502210023550600300045651600200048665300300050683000290053685600420056523678PGUSA20140828083514.0071202s2007||||xxu|||||s|||||000 1 eng d aPGUSAbeng adc 4aPS1 aMatthews, Brander,d1852-192910aTales of Fantasy and Facth[electronic resource] /cBrander Matthews bProject Gutenberg,c20070 aA primer of imaginary geography -- The kinetoscope of time -- The dream-gown of the Japanese ambassador -- The rival ghosts -- Sixteen years without a birthday -- The twinkling of an eye -- A confidential postscript. aPublic domain in the USA. aElectronic text aFantasy fiction, American 0aProject Gutenbergv2367840uhttp://www.gutenberg.org/ebooks/23678